| 000 | 00690nam a2200193 4500 | ||
|---|---|---|---|
| 001 | 120912 | ||
| 003 | ES-MaACL | ||
| 005 | 20250902104242.0 | ||
| 007 | t| | ||
| 008 | 070214s1982 sp r ||||1| spa d | ||
| 100 | 1 |
_aPombo González, Pablo. _992913 |
|
| 245 | 1 | 4 |
_aLas sociedades de garantía recíproca y su promoción en las provincias andaluzas / _cPablo Pombo González, Juan José Mora Peña. |
| 260 |
_aCórdoba : _bSociedad Andaluza de Servicios y Estudios, _c1982. |
||
| 300 |
_a145 p. ; _c21 cm. |
||
| 700 | 1 |
_aMora Peña, Juan José. _982887 |
|
| 710 | 2 |
_aSociedad Andaluza de Servicios y Estudios _96631 |
|
| 852 |
_aES-MaACL _jL-2028 _bR.103270 |
||
| 999 |
_c120912 _d120912 |
||